000 00563nam a22001937a 4500
005 20251108165521.0
008 250721s1995 xx 000 0 ara d
082 1 4 _aم/811.962/أحم
100 1 _aشوقي، أحمد
245 1 0 _aديوان أحمد شوقي :
_bالشوقيات /
264 1 _aبيروت :
_bدار الجيل،
_c1995.
300 _a4ج في 2مج
650 1 7 _aالشعر العربي
650 1 7 _aالعصر الحديث
650 1 7 _aمصر
700 1 _aأ.كبا، أميل
_eتحقيق
942 _2ddc
_cREF
999 _c29783
_d29783